Relación de los hechos virtuosos premiados por el jurado de la Sociedad Económica Matritense en el concurso de 1880 (Record no. 166647)

MARC details
000 -LEADER
campo de control de longitud fija 00884nam a22001695i 4500
001 - NÚMERO DE CONTROL
campo de control 166647
003 - IDENTIFICADOR DE NÚMERO DE CONTROL
campo de control ES-MaACL
005 - FECHA Y HORA DE LA ÚLTIMA TRANSACCIÓN
campo de control 20230906213355.0
008 - DATOS DE LONGITUD FIJA--INFORMACIÓN GENERAL
campo de control de longitud fija 050916s1881 sp | |||||||| ||spa d
040 ## - FUENTE DE CATALOGACIÓN
Centro catalogador/agencia de origen CAM
Lengua de catalogación spa
Centro/agencia transcriptor CAM
100 1# - ENTRADA PRINCIPAL--NOMBRE DE PERSONA
Nombre de persona Tro y Moxó, Luis María de.
9 (RLIN) 111470
245 10 - MENCIÓN DEL TÍTULO
Título Relación de los hechos virtuosos premiados por el jurado de la Sociedad Económica Matritense en el concurso de 1880
Resto del título : leída en junta pública de 28 de mayo de 1881 con motivo del segundo centenario de Calderón /
Mención de responsabilidad, etc. por Luis María de Tró y Moxó.
260 ## - PUBLICACIÓN, DISTRIBUCIÓN, ETC.
Lugar de publicación, distribución, etc. Madrid :
Nombre del editor, distribuidor, etc. [s.n.],
Fecha de publicación, distribución, etc. 1881 (
Fabricante R. Velasco, imp.)
300 ## - DESCRIPCIÓN FÍSICA
Extensión 30 p. ;
Dimensiones 21 cm.
710 2# - ENTRADA AGREGADA--NOMBRE DE ENTIDAD CORPORATIVA
Nombre de entidad corporativa o nombre de jurisdicción como elemento de entrada Real Sociedad Económica Matritense de Amigos del País.
9 (RLIN) 6389
852 ## - LOCALIZACIÓN
Ubicación ES-MaACL
Número de control de estantería T-362-F-13
Nota libre -- Enc. hol., falto de la cub. original
-- -- An. ms.: ded. de José Rodríguez Mourelo al Ateneo de Madrid
-- -- Enc. en un vol. facticio
Holdings
Estatus retirado Estado de pérdida Estado de daño No para préstamo Colección Biblioteca de origen Biblioteca actual Ubicación en estantería Fecha de adquisición Total de préstamos Signatura topográfica completa Código de barras Visto por última vez Precio de reemplazo Tipo de ítem Koha
        Colección de folletos Biblioteca del Ateneo de Madrid Biblioteca del Ateneo de Madrid Depósito folletos 17/01/2008   T-362-F-13 1174780 23/02/2023 23/02/2023 Folleto